Goodscapes: global design processes

Uloženo v:
Podrobná bibliografie
Hlavní autor: Bello, Paula (Autor)
Médium: Kniha
Jazyk:angličtina
Vydáno: Helsinki Aalto University School of Art and Design 2010
Vydání:2a. ed
Edice:Publication, A 86
Témata:
Tagy: Přidat tag
Žádné tagy, Buďte první, kdo vytvoří štítek k tomuto záznamu!

MARC

LEADER 00000nam a2200000 a 4500
001 UCG5814
003 CL-VaPUC
008 110324e20100000FI |||||||||||||||||eng|d
020 |a 9789515582577 
082 0 4 |a 729  |b BEL  |2 21 
100 0 |a Bello, Paula  |e author  |9 555663 
245 1 0 |a Goodscapes: global design processes 
250 |a 2a. ed 
300 |a 239 p 
942 |c BK 
945 |d 20110324 00:00:00  |a dcastane 
260 |a Helsinki  |b Aalto University School of Art and Design  |c 2010 
650 0 |a Diseño arquitectónico   |9 265271 
650 0 |a Diseño industrial  |9 262726 
650 0 |a Multiculturalismo  |9 435149 
650 0 |a Investigación social   |9 307814 
650 0 |a Globalización  |9 361930 
650 0 |a Ciudadanía  |9 258339 
650 0 |a Cultura  |9 269059 
651 7 |a FINLANDIA  |2 CL-VaPUC  |9 268919 
583 |a last modification  |c 20110906 01:22:55  |k Rodrigo Vera 
490 0 |a Publication, A 86 
999 |c 344176  |d 344174 
952 |0 0  |1 0  |4 0  |6 729_000000000000000_BEL_2010  |7 0  |8 A  |9 442003  |a BIBARQ  |b BIBARQ  |d 2019-11-22  |i 4758080  |o 729 BEL 2010  |p 4758080  |r 2025-01-20  |w 2019-11-22  |y BK  |k ARQ